Yleistieto #65 - Statistics

Yleistilastot
  • Tätä visaa on pelattu 448 kertaa
  • Keskiarvotulos 7 / 14
Vastaustilastot
Vinkki Vastaus % Oikein
Missä kaupungissa on Muumi-maailma? Naantalissa
96%
Mikä elin tuottaa dopamiinia? Aivot
86%
Mistä kaupungista tulee NHL jääkiekkojoukkue "Ducks"? Anaheimista
80%
Mikä väri oli varattu vain Kiinan keisarile? Keltainen
80%
Minkä kaupungin kaupunginosia ovat Nørrebro ja Christianshavn? Kööpenhaminan
69%
Mikä Yhdysvaltojen osavaltio alkaa R-kirjaimella? Rhode Island
67%
Missä maassa on Rioja-viinialue? Espanjassa
58%
Mikä on Japanin kansallisuskonto? Shintolaisuus
44%
Mikä on Grönlannin suurin kaupunki? Nuuk
35%
Kenen näyttelijän rapnimi oli Marky Mark? Mark Wahlbergin
32%
Kenen huippusuosittu 1995 levy oli "Jagged Little Pill"? Alanis Morissette
17%
Kuka on ohjannut "Rosemaryn painajainen"? Roman Polanski
10%
Mitkä vuoret sijaitsevat Puolan ja Slovakian rajalla? Tatravuoret
10%
Mikä on Latvian toiseksi suurin kaupunki? Daugavpils
7%
Ehtoja vastaavia visoja ei löytynyt
Tulosjakauma
Jokaisen tuloksen saaneiden osuus
Persentiili vastausten määrän mukaan
Tuloshistoriasi
Et ole pelannut tätä visaa